اللؤلؤة : (رقم التسجيلة. 36027)

تفاصيل مارك
000 -LEADER
fixed length control field 00556nam a22001937a 4500
005 - DATE AND TIME OF LATEST TRANSACTION
control field 20251108165949.0
008 - FIXED-LENGTH DATA ELEMENTS--GENERAL INFORMATION
fixed length control field 250721s1987 xx 000 0 ara d
082 14 - DEWEY DECIMAL CLASSIFICATION NUMBER
Classification number ق/شتا
100 1# - MAIN ENTRY--PERSONAL NAME
Personal name شتاينبيك، جون
245 10 - TITLE STATEMENT
Title اللؤلؤة :
Remainder of title رواية /
264 1# - PRODUCTION, PUBLICATION, DISTRIBUTION, MANUFACTURE, AND COPYRIGHT NOTICE
Place of production, publication, distribution, manufacture عمان :
Name of producer, publisher, distributor, manufacturer دار منارات،
Date of production, publication, distribution, manufacture, or copyright notice 1987.
300 ## - PHYSICAL DESCRIPTION
Extent 105ص
490 0# - SERIES STATEMENT
Series statement منارات روائية ؛ 8
650 17 - SUBJECT ADDED ENTRY--TOPICAL TERM
Topical term or geographic name as entry element الأدب المترجم
650 17 - SUBJECT ADDED ENTRY--TOPICAL TERM
Topical term or geographic name as entry element الروايات
700 1# - ADDED ENTRY--PERSONAL NAME
Personal name نصار، سمير عزت
Relator term ترجمة
942 ## - ADDED ENTRY ELEMENTS (KOHA)
Source of classification or shelving scheme Dewey Decimal Classification
Koha item type كتب
المقتنيات
حالة السحب حالة الفقدان مصدر التصنيف حالة التلف غير قابل للإعارة المكتبة الرئيسية المكتبة الحالية موقع الرف تاريخ التزويد الرقم المتسلسل Total Checkouts رقم الإستدعاء تاريخ آخر ظهور تاريخ الفاتورة نوع المادة (كوها) الباركود
    Dewey Decimal Classification Unchecked   مكتبة أبو علندا العامة مكتبة أبو علندا العامة الإعارة 12/07/2004 283790   ق/شتا 28/07/2025 12/07/2004 كتب  
    Dewey Decimal Classification Unchecked   مكتبة حمزة العامة مكتبة حمزة العامة الإعارة 12/07/2004 2696   ق/شتا 28/07/2025 12/07/2004 كتب  
    Dewey Decimal Classification Unchecked   مكتبة حمزة العامة مكتبة حمزة العامة الإعارة 12/07/2004 2697   ق/شتا 28/07/2025 12/07/2004 كتب  
    Dewey Decimal Classification Unchecked   مكتبة صويلح العامة مكتبة صويلح العامة الإعارة 12/07/2004 535   ق/شتا 28/07/2025 12/07/2004 كتب  
    Dewey Decimal Classification     مكتبة وادي السير العامة مكتبة وادي السير العامة الإعارة 25/07/1980 [921].....   ق/شتا 28/07/2025 25/07/1980 كتب PLD00377830
Implemented & Customized by: BBB with SCIT (Smart Chains for Information Technology)

Powered by Koha